000 00912nam a2200265Ia 4500
003 OSt
005 20221005113334.0
006 a|||||r|||| 00| 0
007 ta
008 221004b |||||||| |||| 00| 0 pan d
020 _a9789385447129 (pbk)
_cINR 150.00
024 _a44971
037 _b1068, 22/02/2019, H.K. Prakashan
_cTextual
040 _aCRL
_cCRL
_bpan
041 _2pan
_apan
082 _aO153,1NBAx, Q6
100 _aਬੈ੍ਵਸ, ਮਨਪ੍ਰੀਤ, ਂਚ.
245 0 _aਹਰਖ਼ਾਂ ਦੇ ਅਹਿਸਾਸ
260 _aਪਟਿਆਲਾ
_bਭਾਰਤ
_c2016
300 _a66ਪ੍ਰ0
_ccm.
650 _a ਪੰਜਾਬੀ ਕਾਵਿ
650 _aਪੰਜਾਬੀ ਸਾਹਿਤ
942 _hO153,1NBAx, Q6
_cTEXL
_2cc
999 _c1027849
_d1027849